| 000 | 00700nam a2200205Ia 4500 | ||
|---|---|---|---|
| 008 | 000000[1999] us ad 0000000000eng00 | ||
| 090 | _aPRU00 M17m | ||
| 245 | 1 | 0 |
_aMarc Chagall _c/ photographed by Alvin Haeyk |
| 300 |
_a[54] p. _c/ 27 cm. |
||
| 500 | _aCon el patronazgo del maestro venezolano Jesús Rafael Soto (q.e.p.d.) | ||
| 501 | _aMarc Chagall / Dicey Taylor | ||
| 600 | 0 | 0 |
_aCHAGALL, MARC, 18871985/ _xTRABAJOS PICTORICOS |
| 650 | 1 | 4 | _aARTE CONTEMPORANEO RUSO |
| 650 | 1 | 4 | _aARTISTAS PLASTICOS RUSOS |
| 650 | 1 | 4 | _xCATALOGOS |
| 650 | 1 | 4 | _aPINTORES RUSOS |
| 650 | 1 | 4 | _aPINTURA RUSA |
| 700 | 1 | _aHaeyk, Alvin \ Taylor, Dicey | |
| 999 |
_c329 _d329 |
||
| 260 |
_aCoral Gables : Gary Nader _c1999 |
||